000 00381 a2200157 4500
001 170628
020 _a
040 _cMagnum
100 _aGabrich, Frederico de Andrade
240 1 0 _aContrato de franquia e direito de informacao
_lpor
245 1 0 _aContrato de franquia e direito de informacao
362 0 _a1899
440 1 _aForense
697 _aLEGISLACAO
942 _cBK
999 _c170628
_d170628